Les plus gros vendeurs du rap français - Statistiques

Statistiques générales
  • Ce quiz a été pris 2 070 fois
  • Le résultat moyen est 10 sur 20
Statistiques - réponses
Rang Albums vendus Artiste % Correct
1 3 500 000 Jul
95%
5 2 700 000 Booba
90%
12 1 300 000 Ninho
89%
8 1 675 000 PNL
78%
4 2 860 000 IAM
70%
9 1 600 000 Nekfeu
69%
10 1 500 000 NTM
66%
3 2 900 000 Maître Gims
55%
15 1 150 000 Orelsan
55%
13 1 200 000 Diam's
46%
6 2 460 000 Soprano
42%
2 3 480 000 Mc Solaar
41%
7 1 850 000 Rohff
41%
11 1 350 000 Sexion d'assaut
41%
16 1 150 000 Black'M
38%
20 1 070 000 Bigflo et Oli
23%
14 1 200 000 Doc gynéco
20%
17 1 130 000 Sniper
20%
18 1 100 000 Sinik
14%
19 1 100 000 Manau
9%
Aucun quiz correspondant
Distribution des résultats
% des personnes avec chaque résultat
Percentile par nombre de réponses
Votre historique - résultats
Vous n’avez pas pris ce quiz